01006nas a2200241Ia 4500001001100000003000900011008004100020040001300061040001300074041001300087100003800100210001600138222001600154245010100170250001100271260003900282501008600321300001000407310001600417362003500433500026000468650003600728R017/H6249IT-RoPAU151124c99999999xx |||||||||||| ||und|| aIT-RoPAU cIT-RoPAU aITALIANO aAA.VV. gCodice Aut. SPICS: 12000 aFILMCRITICA aFilmcritica aFILMCRITICA SCUOLA, ANNO 9-N.32 (DICEMBRE 2005)bFilmcritica Scuola, Anno 9-N.32 (Dicembre 2005) a1a ed. aMONTEPULCIANO (SI)bLE BALZEc2005 bPaulus - SPICS - Società San Paolo EM (non-commercial uses only)cCopyright2015 a16 p. aTRIMESTRALE aANNO 009, N.32 (DICEMBRE 2005) aSupplemento Alla Rivista Filmcritica N. 560. Ciao Darwin. Classic: Europa '51 di R. Rossellini. Leggere Cinema: Gilles Deleuze Pensiero-Cinema di D. Dottorini. Cinema e Letteratura: Charlie e la Fabbrica di Cioccolato di P. Horvath. Segnali: Pianeta Russi aCINEMAvPUBBLICAZIONE PERIODICA